|
|
|
|
| LEADER |
00848nam a2200253 4500 |
| 001 |
DLU150167794 |
| 005 |
##20150303 |
| 040 |
# |
# |
|a DLU
|b vie
|
| 041 |
# |
# |
|a vie
|
| 044 |
# |
# |
|a vn
|
| 100 |
# |
# |
|a Phạm Huy Thành,
|c ThS.
|
| 245 |
# |
# |
|a Nâng cao chất lượng giảng dạy các môn Lý luận chính trị trong các trường ĐH, CĐ ở nước ta hiện nay /
|c Phạm Huy Thành, Trần Thị Dung.
|
| 653 |
# |
# |
|a Chất lượng giảng dạy
|
| 653 |
# |
# |
|a Lý luận chính trị
|
| 773 |
# |
# |
|t Tạp chí Dạy và Học ngày nay
|g Số8, 2012, tr. 17-18
|
| 920 |
# |
# |
|a Phòng Tạp chí -- Trung tâm Thông tin - Thư viện Trường Đại học Đà Lạt
|
| 994 |
# |
# |
|a DLU
|
| 900 |
# |
# |
|a True
|
| 911 |
# |
# |
|a Nguyễn Thị Mai Anh
|
| 925 |
# |
# |
|a G
|
| 926 |
# |
# |
|a A
|
| 927 |
# |
# |
|a BB
|
| 980 |
# |
# |
|a Thư viện Trường Đại học Đà Lạt
|